000 00871nam a2200229Ia 4500
003 OSt
005 20220926005413.0
006 a|||||r|||| 00| 0
007 ta
008 220923b |||||||| |||| 00| 0 eng d
020 _a9788187358312
_c467.5
037 _bDU50, 29/03/2010, INDEPENDENT PUBLISHERS GROUP
_cGeneral Book
040 _aRTL
_cRTL
_beng
041 _2eng
_aeng
082 _aY15w.M75<-- N47, Q0
100 _aRay Sukhendu
_9310206
245 0 _aMany world of serial deaf
_b A diary. Tr. From Jeevaner Jharapata and The Tagores and Sartorial Styles A photo essay by Malavika Karlekar.
260 _a New Delhi
_bSocial Science Press
_c2010
300 _a218p. Glossary: P 201-202
_ccm.
942 _hY15w.M75<-- N47, Q0
_cGB
_2CC
999 _c613694
_d613694